000 00486nam a2200145Ia 4500
008 140724s9999 xx 000 0 und d
050 _aTK 3001
_b.P294 2011
100 _aPatag, Bon Daniel B.
245 _aAutomated billing system for Evangelista Beach Resort /
_cBon Daniel B. Patag.
260 _aLas PiƱas, Philippines :
_bSouthville International School and Colleges,
_cc2011.
300 _a39 p. :
_c28 cm.
521 _aInformation Technology
942 _cTH
999 _c228790
_d228790